000 00580nam a2200241Ia 4500
003 OSt
005 20221005114100.0
006 a|||||r|||| 00| 0
007 ta
008 221004b |||||||| |||| 00| 0 tam d
024 _a50354
037 _cTextual
040 _aCRL
_cCRL
_btam
041 _2tam
_atam
082 _aO31,3NEL,25, K1
100 _aEllarvi
_9625423
245 0 _aAnandha bairavi
260 _c1961
300 _a156
_ccm.
650 _aTAMIL FICTION
942 _hO31,3NEL,25, K1
_cTEXL
_2cc
999 _c1030191
_d1030191